Pinson of revenue law : first supplement to fiftenth edition

Bibliographic Details
Main Author: Pinson, Barry
Format: Book
Published: London : Sweet and Maxwell , 1983
Subjects:

MARC

LEADER 00000cam a2200000 7i4500
001 0000002996
005 20021109.0
020 |a 0421321806 
040 |a INS 
090 0 0 |a RKD5359.   |b P5 1983 
100 1 |a Pinson, Barry 
245 1 0 |a Pinson of revenue law :   |b first supplement to fiftenth edition   |c Barry Pinson 
260 |a London :   |b Sweet and Maxwell ,   |c 1983 
300 |a 12p. :   |b leaves ;   |c 25 cm. 
650 0 0 |a Revenue   |z Great Britain 
650 0 0 |a Taxation   |x law and legislation   |z Great Britain 
999 |a 0000000962   |b BOOK   |c Reference   |e Default branch